000 00624nam a2200229Ia 4500
003 OSt
005 20220925183133.0
006 a|||||r|||| 00| 0
007 ta
008 220923b |||||||| |||| 00| 0 eng d
037 _cGeneral Book
040 _aRTL
_cRTL
_beng
041 _2eng
_aeng
082 _aX:8, L7
100 _aIshwar Dayal
245 0 _aChange in work organization
_b Some experiences of r
260 _aDelhi
_bConcept Publishing India
_c1976
300 _a166p.
_ccm.
650 _aManagement
_930681
942 _hX:8, L7
_cGB
_2CC
999 _c504023
_d504023